000
00324nam a2200133 a 4500
001
4140
005
20140414131916.0
008
090218s19uu xx 00 eng d
050
_a
ER
_b
L66 1994
100
_a
Brenner, Barbara
245
_a
Lion and lamb step out.
260
_a
New York :
_b
Bantam,
_c
1990.
999
_c
111493
_d
111493